000 01267nam1a2200301 i 4500
001 RU\NLR\bibl\968692
005 20260405194046.0
035 _a(NLR Aleph) 000956664
090 _a313540
_c313540
100 _a20060719g20059999u y0rusy50 ca
101 0 _arus
102 _aRU
105 _a||||z |||||
200 1 _aПсихология одаренности: понятие, виды, проблемы
_fД.Б. Богоявленская, М.Е. Богоявленская
_gДеп. образования Москвы, Моск. ин-т открытого образования [и др.]
210 _aМосква
_cМИОО
_d2005
215 _d21
300 _aВ надзаг. также: Психол. ин-т РАО, Моск. гос. психол.-пед. ун-т
463 0 _1001966243
606 1 _aОдаренность
_xИсследование
_91841799
_3RU\NLR\auth\66833809
686 _aЮ983.724
686 _aЮ937.24
700 1 _4070
_8rus
_7ca
_aБогоявленская
_bД. Б.
_gДиана Борисовна
_3RU\NLR\auth\7785801
_968729
701 1 _aБогоявленская
_bМ. Е.
_4070
801 0 _aRU
_bNLR
_c20060719
_grcr
801 1 _aRU
_bNLR
_c20060719
852 _aNLR
_j2006-3/19097
942 _cBOOK